| 000 | 00385nam a2200169Ia 4500 | ||
|---|---|---|---|
| 008 | 210210b1932 xxu||||| |||| 00| 0 eng d | ||
| 041 | _aeng | ||
| 082 | _a822/1278 | ||
| 100 | _aWODEHOUSE (P G) | ||
| 245 | _aLouder and funnier | ||
| 260 |
_aLondon _bFaber & Faber _c1932 |
||
| 650 | _aLouder | ||
| 650 | _afunnier | ||
| 650 | _aand | ||
| 690 | _aEnglish Prose | ||
| 906 | _a013460 | ||
| 999 |
_c132330 _d132330 |
||